| 000 | 00622cam a2200205Ia 4500 | ||
|---|---|---|---|
| 020 | _a9789251067154 | ||
| 020 | _a9251067155 | ||
| 040 | _cEQF | ||
| 082 | _a338 FOO 2011 A068 Co. | ||
| 245 | 0 | 0 | _aAquaculture development. |
| 246 | 3 | 1 | _aUse of wild fish as feed in aquaculture |
| 260 |
_aRome : _bFood and Agriculture Organization of the United Nations, _c2011. |
||
| 300 |
_axii, 79 p. ; _c21 cm. |
||
| 490 | 1 | _aFAO technical guidelines for responsible fisheries ; | |
| 650 | 0 | _aFishes | |
| 650 | 0 | _aFishes | |
| 650 | 0 | _aFishes | |
| 710 | 2 | _aFood and Agriculture Organization of the United Nations. | |
| 942 | _cEK | ||
| 999 |
_c14996 _d14996 |
||